000 00308nam a22001337a 4500
008 170816b xxu||||| |||| 00| 0 eng d
020 _a9780321599193
041 _aeng
080 _211 ED
_a51
100 _a36
101 _aMAT
245 _aBASIC COLLEGE MATHEMATICS
_cBITTINGER.M.L
942 _2udc
_cBK
999 _c23640
_d23640